书目信息 |
| 题名: |
房地产开发
|
|
| 作者: | 刘瑛 , 乔宁 著 | |
| 分册: | ||
| 出版信息: | 北京 北京大学出版社 2007 |
|
| 页数: | 440页 | |
| 开本: | 23cm | |
| 丛书名: | 房地产法理论与实务丛书 | |
| 单 册: | ||
| 中图分类: | F293.3 | |
| 科图分类: | ||
| 主题词: | 房地产开发 | |
| 电子资源: | ||
| ISBN: | 978-7-301-10418-7 | |
| 000 | 00835oam2 2200277 450 | |
| 001 | 012007105432 | |
| 005 | 20091208153645.60 | |
| 010 | @a978-7-301-10418-7@dCNY52.00 | |
| 100 | @a20071117d2007 em y0chiy0110 ea | |
| 101 | 0 | @achi |
| 102 | @aCN@b110000 | |
| 105 | @ay z 000yy | |
| 106 | @ar | |
| 200 | 1 | @a房地产开发@9fang di chan kai fa@f刘瑛,乔宁著 |
| 210 | @a北京@c北京大学出版社@d2007 | |
| 215 | @a440页@d23cm | |
| 225 | 2 | @a房地产法理论与实务丛书 |
| 330 | @a本书介绍我国的房地产开发制度以及房地产开发在房地产业中所起到的基础性的作用。 | |
| 461 | 0 | @12001 @a房地产法理论与实务丛书 |
| 510 | 1 | @aReal estate development@zeng |
| 606 | 0 | @a房地产开发 |
| 690 | @aF293.3@v4 | |
| 701 | 0 | @a刘瑛@9liu ying@4著 |
| 701 | 0 | @a乔宁@9qiao ning@4著 |
| 801 | 0 | @aCN@bRENTIAN@c20091208 |
| 905 | @b20795118-23@dF293.3@e738@f6 | |
| 房地产开发/刘瑛,乔宁著.-北京:北京大学出版社,2007 |
| 440页;23cm.-(房地产法理论与实务丛书) |
| ISBN 978-7-301-10418-7:CNY52.00 |
| 本书介绍我国的房地产开发制度以及房地产开发在房地产业中所起到的基础性的作用。 |
| ● |
| 相关链接 |
|
|
|
|
正题名:房地产开发
索取号:F293.3/738
 
预约/预借
| 序号 | 登录号 | 条形码 | 馆藏地/架位号 | 状态 | 备注 |
| 1 | 795118 | 207951180 | 第一样本阅览室/ [索取号:F293.3/738] | 在馆 | |
| 2 | 795119 | 207951199 | 第一借阅区/ [索取号:F293.3/738] | 在馆 | |
| 3 | 795120 | 207951206 | 第一借阅区/ [索取号:F293.3/738] | 在馆 | |
| 4 | 795121 | 207951215 | 第一借阅区/ [索取号:F293.3/738] | 在馆 | |
| 5 | 795122 | 207951224 | 第一借阅区/ [索取号:F293.3/738] | 在馆 | |
| 6 | 795123 | 207951233 | 第一借阅区/ [索取号:F293.3/738] | 在馆 |